| 000 | 00479nam a22001337a 4500 | ||
|---|---|---|---|
| 008 | 210626b xxu||||| |||| 00| 0 eng d | ||
| 020 | _a3319969404 | ||
| 050 |
_aQA278.8 _b.N56 2018 |
||
| 245 |
_aNonparametric Statistics _b3rd ISNPS, Avignon, France, June 2016 _cEdited by Patrice Bertail, Delphine Blanke, Pierre-Andre Cornillon & Eric Matzner-Lober |
||
| 260 |
_aSwitzerland _bSpringer _c2018 |
||
| 300 | _aix, 390p. | ||
| 650 | _aNonparametric Statistics | ||
| 942 |
_2lcc _cBK |
||
| 999 |
_c19003 _d19003 |
||